000 00934nam a2200253 a 4500
001 000024775
005 20200930023349.0
008 110204s2004 dr 000 0 spa d
020 _a9993477508
040 _aDO-SdBNP
_bspa
_cBNPHU
082 _a320.5
_bH344a, 2004
100 1 _aHasbún, Amín Abel
_950855
245 1 0 _aAmérica Latina busca su camino /
_cAmín Abel Hasbún ; presentación Manuel Cuevas.
260 _aSanto Domingo :
_bUniversitaria,
_c2004.
300 _a132 p. :
_bil., retrs. ;
_c22 cm.
490 1 _aEstudios sociales
_v11
590 _aInventariado,2018/DG
650 4 _aActividad política estudiantil
_zRepública Dominicana
_950856
650 4 _aRepública dominicana
_xPolítica y gobierno
_92488
650 4 _aRepública dominicana
_xCondiciones sociales
_950857
700 1 _aCuevas, Manuel,
_epresent.
_950858
830 0 _aEstudios sociales
_v11
_97147
910 _aValidado. Control de calidad EMS.
999 _c24268
_d24268